| 000 | 00457nam a2200181Ia 4500 | ||
|---|---|---|---|
| 008 | 230524s9999 xx 000 0 und d | ||
| 020 | _a9788131708323 | ||
| 082 |
_a5.82 _bDAS |
||
| 100 | _aAbhijit Das | ||
| 245 | 0 | _aPublic-Key Cryptography Theory and Practice | |
| 250 | _a1 | ||
| 260 |
_aDelhi _bPearson _c2009 |
||
| 300 | _a"xii,562p;" | ||
| 500 | _aQuantity Number: 5 | ||
| 650 | _aComputer science | ||
| 700 | _aC.E.Veni Madhavan | ||
| 942 | _cBK | ||
| 999 |
_c60053 _d60053 |
||